000 00796nam a2200193 4500
001 117006
003 ES-MaACL
005 20230906190817.0
007 t|
008 071121s1986 sp r ||||1| spa d
020 _a84-398-6601-1
245 0 3 _aEl pensamiento político de Togliatti :
_bponencias del coloquio... organizado por la FIM y celebrado en el Instituto de Ciencias Jurídicas del CSIC, los días 28, 29 y 30 de noviembre de 1984 /
_cJuan Trías Vejarano ... [et.al.].
260 _aMadrid :
_bFundación de Investigaciones Marxistas,
_c1986.
300 _a150 p. ;
_c20 cm.
600 1 4 _aTogliatti, Palmiro-
_xPensamiento político.
_9110421
700 1 _aTrías Vejarano, Juan.
_9111384
710 2 _aFundación de Investigaciones Marxistas.
_94272
852 _aES-MaACL
_j2140-F-9
999 _c117006
_d117006